| 000 | 01208cam a2200133 4500500 | ||
|---|---|---|---|
| 005 | 20260405090709.0 | ||
| 041 | _afre | ||
| 042 | _adc | ||
| 100 | 1 | 0 |
_aSouffir, Victor _eauthor |
| 245 | 0 | 0 | _aHarold Searles |
| 260 |
_bPresses Universitaires de France,
_c2005. |
||
| 520 | _aLes travaux d’Harold Searles sur la psychothérapie des patients schizophrènes l’ont fait connaître en Europe à travers son premier livre paru en France en 1977: L’effort pour rendre l’autre fou. Il a soigné durant une quinzaine d’années entre 1949 et 1965 des schizophrènes au Chesnut Lodge Sanitarium de Rockville dans le Maryland, lieu d’expérimentation des traitements psychanalytiques des psychotiques. Il témoigne de cet engagement personnel intense pour tenter de libérer des patients de l’enfer psychotique dans lequel ils sont enfermés. Convaincu de l’importance du contre-transfert, il témoigne aussisur lui-même en poursuivant sa propre analyse ce qui donne à ses textes, au-delà d’un enseignement clinique passionnant pour les psychiatres,une dimension humaine très forte. | ||
| 856 | 4 | 1 | _uhttps://shs.cairn.info/harold-searles--9782130550747?lang=fr&redirect-ssocas=7080 |
| 999 |
_c2207335 _d2207335 |
||